[Event "XX Weekend B"]
[Site "Ceriano Laghetto ITA"]
[Date "2011.04.04"]
[Round "5"]
[White "Viale, Fabio"]
[Black "Cervini, Gian Piero"]
[Result "1/2-1/2"]
[WhiteElo "1810"]
[BlackElo "1712"]
[PlyCount "179"]
[EventDate "2011.04.01"]

1. d4 Nf6 2. c4 g6 3. Nc3 Bg7 4. e4 d6 5. Nf3 O-O 6. Be2 e5 7. O-O Nc6 8. d5
Ne7 9. Ne1 Nd7 10. Nd3 f5 11. f3 Nf6 12. a4 f4 13. Bd2 g5 14. g4 fxg3 15. hxg3
Nh5 16. Kg2 Qd7 17. Rh1 Nf6 18. Bxg5 Ng6 19. Qd2 Rf7 20. Rh2 Qe8 21. Rah1 Bd7
22. Bd1 a6 23. Qe1 b5 24. c5 dxc5 25. Nxc5 bxa4 26. Nxd7 Qxd7 27. Bxa4 Qd6 28.
Bc6 Rb8 29. Na4 Ne7 30. Qc3 Nxc6 31. Qxc6 Qxc6 32. dxc6 Rb4 33. Ra1 Rc4 34. Be3
Bf8 35. Nc3 Rxc6 36. Ra5 Nd7 37. Kf1 Rxf3+ 38. Ke2 Rxg3 39. Rd5 Rg7 40. Bh6 Re7
41. Rg2+ Kf7 42. Bg5 Rg6 43. Bxe7 Rxg2+ 44. Kf1 Rxb2 45. Rxd7 Bxe7 46. Nd5 c5
47. Rxe7+ Kg6 48. Re6+ Kg5 49. Rxe5+ Kg4 50. Nf6+ Kf3 51. Rf5+ Ke3 52. Rxc5
Rf2+ 53. Kg1 Rxf6 54. e5 Re6 55. Ra5 h5 56. Kg2 Kf4 57. Kh3 Kg5 58. Rd5 Rb6 59.
e6+ Kf6 60. Rxh5 Rxe6 61. Ra5 Ke7 62. Kg4 Kd7 63. Kf5 Rc6 64. Ke5 Kc7 65. Kd4
Kb6 66. Ra1 Rd6+ 67. Kc4 Rc6+ 68. Kb4 Rh6 69. Kc4 Rh4+ 70. Kc3 Rh5 71. Kc4 Rc5+
72. Kb4 Rb5+ 73. Kc4 a5 74. Ra3 Rb4+ 75. Kc3 Kb5 76. Ra1 a4 77. Ra3 Kc5 78. Kc2
Kc4 79. Rc3+ Kb5 80. Ra3 Rh4 81. Rg3 Kb4 82. Kb1 Rc4 83. Kb2 Re4 84. Rd3 a3+
85. Ka1 Rc4 86. Ka2 Rc2+ 87. Kb1 Rb2+ 88. Ka1 Rc2 89. Kb1 Rb2+ 90. Ka1 1/2-1/2

[Event "XX Weekend B"]
[Site "Ceriano Laghetto ITA"]
[Date "2011.04.04"]
[Round "5"]
[White "Visigalli, Cesare"]
[Black "Milu, Tatiana"]
[Result "1/2-1/2"]
[WhiteElo "1798"]
[BlackElo "1665"]
[PlyCount "32"]
[EventDate "2011.04.01"]

1. e4 e5 2. Nf3 Nc6 3. Bb5 d6 4. d4 exd4 5. Nxd4 Bd7 6. Nxc6 bxc6 7. Bc4 Nf6 8.
Nc3 Be7 9. Bg5 h6 10. Bh4 O-O 11. O-O Nh7 12. Bxe7 Qxe7 13. Qe2 Rab8 14. Bb3
Qg5 15. f4 Qc5+ 16. Kh1 Be6 1/2-1/2